000 00570nam a22001817a 4500
003 SISC
005 20191118092143.0
008 141004b xxu||||| |||| 00| 0 eng d
050 _aHD 69.P75
_b.L334 2014
100 _aLarson, Erik W.
245 _aProject management :
_bthe managerial process /
_cErik W. Larson and Clifford F. Gray
250 _a5th ed.
260 _aPhilippines :
_bMcGraw-Hill Education,
_cc2014.
300 _a672 pages :
_billustrations ;
_c26 cm.
521 _aBusiness Administration
650 _aProject management.
942 _2lcc
_cBK
_kLOC
999 _c276010
_d276010